Lecciones de derecho internacional privado /

Guardado en:
Autor Principal: Biocca, Stella Maris
Otros Autores: Cárdenas, Sara L. F. de., Basz, Victoria
Formato: Libro
Idioma:Spanish
Publicado: Buenos Aires : Universidad, 1997
Edición:2a. ed.
Materias:
Etiquetas: Agregar Etiqueta
Sin Etiquetas, Sea el primero en etiquetar este registro!
LEADER 00646nam a22001935a 4500
001 DER.der000580
008 180615s1997####ag#||||||||||||||#||spa||
005 20241220125433.0
245 1 0 |a Lecciones de derecho internacional privado /  |c Stella Maris Biocca, de Cárdenas, Victoria Basz. 
250 |a 2a. ed. 
260 |a Buenos Aires :  |b Universidad,  |c 1997 
300 |a 211 p. 
020 |a 9506792119 
100 1 |a Biocca, Stella Maris 
700 1 |a Cárdenas, Sara L. F. de. 
700 1 |a Basz, Victoria 
653 |a Derecho Internacional Privado 
859 |a DERECHO  |b BIB. DERECHO  |h 340.9  |i BIO  |p 001245 
859 |a DERECHO  |b BIB. DERECHO  |h 340.9  |i BIO  |p 001299  |t 1